Get the Picture: Where's 'C' in USA? Quiz Stats

 Plays Quiz Updated Jul 17, 2019

Score 0/12 Timer 02:00
8 Plays Today
Question Answer Wrong Answers
Chicago Northeast
95.9%
Northwest
1.6%
Southwest
0.4%
Southeast
0.8%
Cleveland Northeast
94.2%
Northwest
2.9%
Southwest
0.4%
Southeast
1.1%
Cincinnati Northeast
94.2%
Northwest
2.4%
Southwest
0.7%
Southeast
1.3%
Charlotte Southeast
92.1%
Northwest
1.3%
Northeast
4.4%
Southwest
0.8%
Cheyenne Northwest
89.6%
Northeast
2.1%
Southwest
4%
Southeast
3.1%
Chattanooga Southeast
87.5%
Northwest
3.8%
Northeast
4.1%
Southwest
3.2%
Costa Mesa Southwest
85.3%
Northwest
9.1%
Northeast
0.8%
Southeast
3.4%
Casper Northwest
83.7%
Northeast
7.2%
Southwest
4.2%
Southeast
3.5%
Charleston Southeast
82.5%
Northwest
1.1%
Northeast
14.3%
Southwest
0.8%
Carson City Northwest
81.4%
Northeast
2.9%
Southwest
11.9%
Southeast
2.6%
Chula Vista Southwest
80.3%
Northwest
12.5%
Northeast
1.1%
Southeast
4.5%
Corpus Christi Southwest
75.6%
Northwest
2.8%
Northeast
5.3%
Southeast
15%

Today's Daily Dose

Missing Word
Banned Books (A-Z)

Word Ladder
Janis Joplin

Get the Picture
Occupations

You're not logged in!

Compare scores with friends on all Sporcle quizzes.
OR
Log In

Sporcle TV

Today on Sporcle TV


Watch our educational content, quiz creation guides, and fun videos on Sporcle TV.

Show Comments

Extras

Top Quizzes Today


Score Distribution

Your Account Isn't Verified!

In order to create a playlist on Sporcle, you need to verify the email address you used during registration. Go to your Sporcle Settings to finish the process.

Report this User

Report this user for behavior that violates our Community Guidelines.

Details: